Marketing Journal

Guardado en:
Detalles Bibliográficos
Formato: Seriadas
Lenguaje:alemán
Publicado: Hamburg Marketing Journal 1991
Materias:
Etiquetas: Agregar Etiqueta
Sin Etiquetas, Sea el primero en etiquetar este registro!

MARC

LEADER 00000nas2a2200000 4500
001 s015261
005 20240109094445.1
022 |a 0025-3774 
041 0 |a ger 
044 |a DE 
245 1 0 |a Marketing Journal 
264 1 |a Hamburg  |b Marketing Journal  |c 1991 
300 |a 1 zv. 
773 0 |w eu_un_cat*s120184 
610 2 0 |a marketing 
610 2 0 |a stratégia marketingová 
610 2 0 |a nástroje marketingové